Préfectures de France : Nantes - Statistiques

Statistiques générales
  • Ce quiz a été pris 45 fois
  • Le résultat moyen est 13 sur 26
Statistiques - réponses
Question Réponse % Correct
De quel département est-ce la préfecture ? Loire-Atlantique
100%
A quelle région administrative appartient la ville depuis 2015 ? Pays-de-la-Loire
100%
Quel numéro porte celui-ci ? 44
98%
Comment se nomment ses habitants ? Nantais
95%
La ville appartient à l'académie de/d' Nantes
93%
La ville appartient au diocèse de/d' Nantes
93%
Le château des ducs de Bretagne est située sur quelle rive de la Loire ? Droite ou gauche Droite
90%
Quelles sont les sous-préfectures qui en dépendent ? Saint-Nazaire
88%
La rivière qui traverse la ville est l'/la/le Erdre
74%
Les communes limitrophes dont le nom commence par S sont Saint-Herblain
71%
Quel est le nom du passage classé en 1976 ? Pommeraye
62%
Les communes limitrophes dont le nom commence par S sont Saint-Sébastien-sur-Loire
60%
Quelles sont les sous-préfectures qui en dépendent ? Châteaubriant
57%
Nantes se développe grâce au commerce entre l'Europe, l'Afrique et les Amériques dit triangulaire
55%
Les communes limitrophes dont le nom commence par S sont Sainte-Luce-sur-Loire
40%
Le peuple gaulois qui l'occupe est celui des Namnètes
26%
Henri IV y signe un édit essentiel en 1598
21%
L'autoroute qui relie la Belgique à l'Espagne et passe par Nantes est appelée autoroute des estuaires
21%
La cathédrale est dédiée à St Pierre St Paul | St Pierre et St Paul
17%
Dans les années 1970 est construit le quartier Beaulieu
12%
Comment appelle-t-on le bateau présent sur le blason ? Nef
7%
Le nom romain de la ville est Condevincum | Condevicnum
5%
Comment appelle-t-on en héraldique le vert figurant sur le blason ? Sinople
5%
Le 1er évêque installé dans la ville est Clair
0%
Une monnaie locale existe dans la région sous le nom de Moneko
0%
Ville anglaise jumelée avec Le Puy Tonbridge
0%
Aucun quiz correspondant
Distribution des résultats
% des personnes avec chaque résultat
Percentile par nombre de réponses
Votre historique - résultats
Vous n’avez pas pris ce quiz